[Event "Challenge"]
[Site "http://www.queenalice.com/game.php?id=1830279"]
[Date "2024.1.26"]
[Round "-"]
[White "bahouais"]
[Black "bonow"]
[Result "1-0"]
[WhiteElo "2068"]
[BlackElo "2315"]

1. e4 c5 2. Nf3 Nc6 3. Bb5 Nf6 4. Nc3 a6 5. Bxc6 bxc6 6. d3 d5 7. O-O e6 8. Qe2
Be7 9. b3 O-O 10. Na4 Qa5 11. Bd2 Qb5 12. c4 Qb8 13. Rac1 Nd7 14. exd5 cxd5 15.
cxd5 e5 16. Rfe1 Bf6 17. Nxc5 Nxc5 18. Rxc5 Bb7 19. Nxe5 Re8 20. d4 Qd6 21. Bf4
Bxd5 22. Qg4 Be6 23. Qd1 Rac8 24. Rxc8 Bxc8 25. Nc4 Rxe1+ 26. Qxe1 Qe6 27. Qxe6
Bxe6 28. Be5 Bxe5 29. dxe5 Bxc4 30. bxc4 Kf8 31. f4 Ke7 32. Kf2 Ke6 33. Kf3 f5
34. Ke3 a5 35. Kd4 h6 36. c5 Kd7 37. Kd5 g5 38. c6+ Kc7 39. e6 1-0

[Event "AUTO-MASTER-3209"]
[Site "http://www.queenalice.com/game.php?id=1834101"]
[Date "2024.3.25"]
[Round "1"]
[White "Bordon"]
[Black "bahouais"]
[Result "0-1"]
[WhiteElo "2050"]
[BlackElo "2142"]

1. e4 c5 2. Nc3 a6 3. Nf3 e6 4. d3 b5 5. Bf4 Bb7 6. Be2 Ne7 7. O-O Ng6 8. Bg3 b4
9. Nb1 d5 10. exd5 Qxd5 11. Nbd2 Bd6 12. Bxd6 Qxd6 13. Nc4 Qc7 14. c3 bxc3 15.
bxc3 Nd7 16. Rb1 O-O 17. Re1 Rab8 18. Qd2 Rfd8 19. Rb3 Bd5 20. Rxb8 Rxb8 21. Ne3
Nf4 22. Nxd5 Nxd5 23. c4 Nf4 24. h3 e5 25. Qc2 Qd6 26. g3 Ne6 27. Rb1 h6 28.
Rxb8+ Qxb8 29. Kh2 Qb4 30. Qd2 Nd4 31. Qe3 Qb2 32. Nxd4 cxd4 33. Qe4 Qxa2 34.
Qa8+ Nf8 35. Qe4 a5 36. Qxe5 a4 37. Qxd4 Qxe2 0-1

[Event "AUTO-MASTER-3209"]
[Site "http://www.queenalice.com/game.php?id=1834102"]
[Date "2024.3.25"]
[Round "1"]
[White "bahouais"]
[Black "Bordon"]
[Result "1-0"]
[WhiteElo "2151"]
[BlackElo "2047"]

1. e4 e5 2. Nf3 Nc6 3. Bc4 Bc5 4. d3 Nf6 5. h3 O-O 6. Nc3 d6 7. a3 a5 8. Be3
Bxe3 9. fxe3 Be6 10. Bxe6 fxe6 11. O-O Ne7 12. Nh4 Qe8 13. g4 Ng6 14. Ng2 h6 15.
Qe1 Nh7 16. Qg3 Qe7 17. h4 Rxf1+ 18. Rxf1 Rf8 19. Rxf8+ Qxf8 20. d4 exd4 21.
exd4 Nf6 22. h5 Ne7 23. Nf4 Qf7 24. e5 Nh7 25. exd6 cxd6 26. Qe3 Ng5 27. Kg2 Nc6
28. Ne4 Nxe4 29. Qxe4 e5 30. dxe5 Nxe5 31. Nd3 Nxd3 32. Qxd3 Qd7 33. Qd5+ Kh8
34. Kg3 Qc7 35. c4 Kh7 36. b4 axb4 37. axb4 Qb6 38. Qd3+ Kh8 39. b5 Qg1+ 40. Kh3
Qh1+ 41. Kg3 Qe1+ 42. Kf3 Qe5 43. Qd5 Qxd5+ 44. cxd5 g5 45. Ke4 Kg7 46. Kf5 1-0

[Event "AUTO-MASTER-3209"]
[Site "http://www.queenalice.com/game.php?id=1834121"]
[Date "2024.3.25"]
[Round "1"]
[White "bahouais"]
[Black "Pumpernickel"]
[Result "1-0"]
[WhiteElo "2129"]
[BlackElo "1973"]

1. e4 e5 2. Nf3 Nc6 3. Bc4 h6 4. O-O Bc5 5. c3 Nf6 6. d4 Bd6 7. Re1 O-O 8. Nbd2
Re8 9. d5 Ne7 10. Bf1 c5 11. Nc4 Bb8 12. Ncxe5 Bxe5 13. Nxe5 d6 14. Nc4 b5 15.
Nd2 c4 16. a4 Bd7 17. axb5 Bxb5 18. Nxc4 Bxc4 19. Bxc4 Qb6 20. b3 a5 21. Be3 Qc7
22. Bd4 Kh8 23. Bxf6 gxf6 24. Qf3 Ng8 25. Ra4 1-0

[Event "AUTO-MASTER-3209"]
[Site "http://www.queenalice.com/game.php?id=1834122"]
[Date "2024.3.25"]
[Round "1"]
[White "Pumpernickel"]
[Black "bahouais"]
[Result "0-1"]
[WhiteElo "1982"]
[BlackElo "2137"]

1. Nc3 d5 2. d4 Nf6 3. Bf4 c5 4. e3 Bg4 5. f3 Bf5 6. dxc5 Nc6 7. Bb5 e6 8. Nge2
Bxc5 9. Qd2 Rc8 10. O-O-O a6 11. Bxc6+ Rxc6 12. Nd4 Bxd4 13. Qxd4 O-O 14. h3 Qa5
15. Be5 Ne8 16. g4 Bg6 17. h4 f6 18. Bg3 Bf7 19. f4 Nd6 20. h5 Rc4 21. Qd3 Rfc8
22. Rh2 b5 23. a3 b4 24. axb4 Rxb4 25. Rdh1 Nc4 26. b3 Qa3+ 27. Kb1 Qb2# 0-1

[Event "AUTO-OPEN-4518"]
[Site "http://www.queenalice.com/game.php?id=1834147"]
[Date "2024.3.26"]
[Round "1"]
[White "bahouais"]
[Black "johnny"]
[Result "1-0"]
[WhiteElo "2136"]
[BlackElo "1739"]

1. e4 e5 2. Nf3 Nc6 3. Bb5 d6 4. O-O Bd7 5. Re1 a6 6. Bf1 Nf6 7. h3 Be7 8. c3
Be6 9. d4 exd4 10. cxd4 d5 11. e5 Ne4 12. Nc3 Bb4 13. Bd2 Nxd2 14. Qxd2 O-O 15.
a3 Be7 16. Rac1 b6 17. b4 b5 18. Ne2 h6 19. Rxc6 Qd7 20. Rec1 a5 21. Rxc7 Qe8
22. Nf4 Bf5 23. Nxd5 Bd8 24. R7c5 axb4 25. axb4 Be4 26. Bxb5 Qe6 27. Nf4 Qb3 28.
Bc4 Qa4 29. e6 Bxf3 30. exf7+ Kh8 31. Ng6+ 1-0

[Event "AUTO-OPEN-4518"]
[Site "http://www.queenalice.com/game.php?id=1834148"]
[Date "2024.3.26"]
[Round "1"]
[White "johnny"]
[Black "bahouais"]
[Result "0-1"]
[WhiteElo "1691"]
[BlackElo "2150"]

1. e4 c5 2. c4 Nc6 3. d3 g6 4. Nf3 Bg7 5. Nc3 d6 6. Be2 Nf6 7. O-O Bg4 8. h3
Bxf3 9. Bxf3 Nd7 10. Rb1 O-O 11. a3 a6 12. Bg5 h6 13. Be3 Nd4 14. Bxd4 Bxd4 15.
Nd5 b5 16. cxb5 axb5 17. Qd2 Bg7 18. Rfe1 e6 19. Ne3 h5 20. g3 Ne5 21. Bg2 h4
22. g4 Bh6 23. Rf1 Bf4 24. Kh1 Ra4 25. Qe1 Nxd3 26. Qe2 c4 27. b3 Rxa3 28. bxc4
Bxe3 29. Qxe3 bxc4 30. Ra1 Rxa1 31. Rxa1 Qf6 32. Rf1 Rb8 33. Qa7 Rb2 34. Kg1 Qf4
35. f3 Qg3 36. Rf2 Rxf2 0-1

[Event "AUTO-OPEN-4518"]
[Site "http://www.queenalice.com/game.php?id=1834149"]
[Date "2024.3.26"]
[Round "1"]
[White "bahouais"]
[Black "josebaron"]
[Result "0-1"]
[WhiteElo "2123"]
[BlackElo "2217"]

1. e4 e5 2. Nf3 Nc6 3. Bc4 Bc5 4. d3 Nf6 5. h3 O-O 6. a4 d6 7. O-O a6 8. Be3
Bxe3 9. fxe3 Be6 10. Nbd2 Bxc4 11. Nxc4 a5 12. Rf2 Qe7 13. Qe2 h6 14. Raf1 Nh7
15. Nh2 Rae8 16. g3 Qd7 17. h4 Re6 18. Qg4 Nb8 19. h5 b6 20. Nf3 Qxa4 21. Nh4
Ng5 22. Nf3 Nxf3+ 23. Rxf3 Re7 24. R3f2 Nd7 25. Qh4 f6 26. Qg4 b5 27. Nd2 Qxc2
28. Nf3 Qxd3 29. Nh4 Ref7 30. Nf5 Kh8 31. Rd1 Qb3 0-1

[Event "AUTO-OPEN-4518"]
[Site "http://www.queenalice.com/game.php?id=1834150"]
[Date "2024.3.26"]
[Round "1"]
[White "josebaron"]
[Black "bahouais"]
[Result "0-1"]
[WhiteElo "2226"]
[BlackElo "2114"]

1. e4 c6 2. Nf3 d5 3. exd5 cxd5 4. d4 Nc6 5. Bb5 Bg4 6. O-O e6 7. h3 Bh5 8. c3
Bd6 9. Re1 Ne7 10. Bg5 O-O 11. Bxc6 bxc6 12. Nbd2 Qc7 13. Bxe7 Bxe7 14. a4 a5
15. c4 Rab8 16. b3 Rfd8 17. c5 Rb4 18. Re5 Bg6 19. Re3 Bf6 20. Nf1 Bh5 21. g4
Bg6 22. N1h2 Qf4 23. Qd2 Bxd4 24. Nxd4 Qxd4 25. Qxd4 Rxd4 26. Nf3 Rb4 27. Ne5
Rc8 28. Ra2 Kf8 29. Rae2 Ke7 30. h4 Re4 31. Nxg6+ hxg6 32. Rxe4 dxe4 33. Rxe4
Rb8 34. Rd4 Rxb3 0-1

[Event "AUTO-OPEN-4518"]
[Site "http://www.queenalice.com/game.php?id=1834152"]
[Date "2024.3.26"]
[Round "1"]
[White "TammieM3ENF"]
[Black "bahouais"]
[Result "0-1"]
[WhiteElo "1136"]
[BlackElo "2122"]

1. d4 d5 2. Nf3 Nf6 3. Nc3 c6 4. e4 dxe4 5. Nxe4 Nxe4 6. c3 Bf5 7. g4 Bxg4 8. b4
Nxc3 9. Qc2 Bxf3 10. Qxc3 Bxh1 11. a4 e5 12. dxe5 Qd5 13. b5 Nd7 14. bxc6 bxc6
15. a5 Bf3 16. Ra4 Qd1# 0-1

[Event "AUTO-MASTER-3215"]
[Site "http://www.queenalice.com/game.php?id=1836298"]
[Date "2024.5.4"]
[Round "1"]
[White "Capixaba789"]
[Black "bahouais"]
[Result "0-1"]
[WhiteElo "1761"]
[BlackElo "2152"]

1. d4 d5 2. Nc3 Nf6 3. f4 Bf5 4. Nf3 e6 5. e3 c5 6. Be2 Nc6 7. O-O Rc8 8. Ne5
Bd6 9. Bf3 O-O 10. Nb5 Bb8 11. a4 Ne4 12. c3 Nxe5 13. fxe5 a6 14. Na3 f6 15. Nc2
fxe5 16. Bd2 Nxd2 17. Qxd2 Qc7 18. a5 e4 19. Be2 Qxh2+ 20. Kf2 Bg3# 0-1